Введение в инфокоммуникационные технологии: учебное пособие

Detalles Bibliográficos
Outros autores: Гагарина Л. Г. Лариса Геннадьевна (редактор)
Summary:Приведен систематизированный курс одной из основных дисциплин специализированной подготовки магистров по направлениям «Информатика и вычислительная техника», «Телекоммуникации», «Программная инженерия».Рассмотрены основные вехи истории развития информационных технологий, вычислительной и компьютерной техники за рубежом и в России. Особое внимание уделено методологии научных исследований в области инфокоммуникаций. Представлены актуальные разделы разработки телекоммуникационных технологий в части мультимедийных сетей и сетевых операционных систем. С целью приобретения практических навыков предусмотрен лабораторный практикум.Для студентов старших курсов технических специальностей, аспирантов, научных сотрудников, преподавателей высших учебных заведений, слушателей институтов повышения квалификации.
Idioma:ruso
Publicado: Москва, Форум, 2013
Series:Высшее образование
Subjects:
Formato: MixedMaterials Libro
KOHA link:https://koha.lib.tpu.ru/cgi-bin/koha/opac-detail.pl?biblionumber=237562

MARC

LEADER 00000nam0a2200000 4500
001 237562
005 20231101231539.0
010 |a 9785819905517 
010 |a 978-5-16-006805-3 
035 |a (RuTPU)RU\TPU\book\258736 
090 |a 237562 
100 |a 20130516d2013 m y0rusy50 ca 
101 0 |a rus 
102 |a RU 
105 |a a j 001zy 
200 1 |a Введение в инфокоммуникационные технологии  |e учебное пособие  |f под ред. Л. Г. Гагариной 
210 |a Москва  |c Форум  |c Инфра-М  |d 2013 
215 |a 336 с.  |c ил. 
225 1 |a Высшее образование 
320 |a Библиогр.: с. 335. 
330 |a Приведен систематизированный курс одной из основных дисциплин специализированной подготовки магистров по направлениям «Информатика и вычислительная техника», «Телекоммуникации», «Программная инженерия».Рассмотрены основные вехи истории развития информационных технологий, вычислительной и компьютерной техники за рубежом и в России. Особое внимание уделено методологии научных исследований в области инфокоммуникаций. Представлены актуальные разделы разработки телекоммуникационных технологий в части мультимедийных сетей и сетевых операционных систем. С целью приобретения практических навыков предусмотрен лабораторный практикум.Для студентов старших курсов технических специальностей, аспирантов, научных сотрудников, преподавателей высших учебных заведений, слушателей институтов повышения квалификации. 
606 1 |a Информационные технологии  |x Вычислительная техника  |2 stltpush  |3 (RuTPU)RU\TPU\subj\36205  |9 57667 
610 1 |a инфокоммуникации 
610 1 |a мультимедийные системы 
610 1 |a сетевые операционные системы 
610 1 |a вычислительная техника 
610 1 |a компьютерная техника 
610 1 |a Россия 
610 1 |a зарубежные страны 
610 1 |a научные исследования 
610 1 |a телекоммуникационные технологии 
610 1 |a теория 
610 1 |a лабораторные работы 
610 1 |a учебные пособия 
675 |a 004(075.8)  |v 4 
702 1 |a Гагарина  |b Л. Г.  |g Лариса Геннадьевна  |4 340 
801 1 |a RU  |b 63413507  |c 20130516 
801 2 |a RU  |b 63413507  |c 20150421  |g RCR 
942 |c BK 
951 |b 210700  |l 8.1  |l 8.3 
955 |l 8 
959 |a 77/20130416  |d 2  |e 599,90  |f ЧЗТЛ:1  |f АНЛ:1